000 00588nam a2200169Ia 4500
003 GCL
008 140319s9999 xx 000 0 ara d
040 _aGCL /
_cGCL
082 0 4 _a001.6425
_bا ق
100 1 _aانيس حبلى
245 1 0 _aقاموس لغة الالة المعالج,Z80 (انجليزى- عربى) /
_cانيس حبلى
260 _a[S.N] :
_bدار الراتب الجامعية ،
_c1978
300 _a435 ص
490 _aموسوعة العقل الالكترونى
_v0
650 0 4 _aالحاسبات الالكترونية - موسوعات
942 _2ddc
_cBK
999 _c40251
_d40251